العملة فى العصر الرومانى نشر وتحليل لعملات رومانية اكتشفت حديثا فى مصر
محفوظ في:
المؤلف الرئيسي:
مؤلفون آخرون:
التنسيق: كتاب
اللغة: Undetermined
منشور في:
Cairo :
Dar Hajer,
2002.
الوسوم: إضافة وسم
لا توجد وسوم, كن أول من يضع وسما على هذه التسجيلة!
رقم الطلب: CJ833 .M84
| LEADER | 00524nam a2200145Ia 4500 | ||
|---|---|---|---|
| 008 | 240329s9999||||xx |||||||||||||| ||und|| | ||
| 020 | |a 9772440911 | ||
| 050 | 4 | |a CJ833 .M84 | |
| 100 | 1 | |a السيد رشدى محمد. | |
| 245 | 1 | 0 | |a العملة فى العصر الرومانى |b نشر وتحليل لعملات رومانية اكتشفت حديثا فى مصر |c السيد رشدى محمد |
| 264 | 1 | |a Cairo : |b Dar Hajer, |c 2002. | |
| 300 | |a 236 |c 23 CM | ||
| 700 | 1 | |a محمود الفطاطرى. | |
| 942 | |2 lcc |c BK | ||
| 999 | |c 57663 |d 57663 | ||
